00319 a2200145 450000100060000002000180000604000240002410000190004824000260006724500210009330000070011436200090012144000120013065000310014246359 a9788508111770 cAnchieta - Aquarius aLagarta, Marta10aRima ou combina?lpor10aRima ou combina? a320 a2007 1aÁtica 4aLiteratura infanto-juvenil